000 01312naa a22003137a 4500
001 BR7502611
003 BR-BrBNA
005 20250714141720.0
007 ta
008 250630b bl.|||m| |||| 00| 0 por d
040 _aBR-BrBNA
_bpor
_cBiblioteca Nacional de Agricultura
041 _a(Pt)
072 _aE10; A50
_b0430
_bG148
090 _aE10 BR7502611
100 1 _aSaylor, R.G.
245 1 _aAnalise custo/beneficio social dos servicos de pesquisa e extensao agricola em areas cotonicultoras da Tanzania Ocidental [Gossypium spp.; Algodao; Africa]
500 _aDesenvolvimento da agricultura: Educacao, Pesquisa e Assistencia tecnica Araujo, P.F.C. deSchuh, G.E. (ed.) Sao Paulo, SP (Brasil): Livraria Pioneira Editora, 1975. p. 167-190 [15 tables] (BR7502611-AMS)
773 0 _tDesenvolvimento da agricultura: Educacao, Pesquisa e Assistencia tecnica
_aAraujo, P.F.C. de; Schuh, G.E. (ed.)
_wE10 BR7502611
_gSao Paulo, SP (Brasil), 1975. p. 167-190
650 _aMacroeconomia
650 _aPesquisa agricola
650 _aAlgodao
650 _aPrograma de pesquisa
650 _aCusto
650 _aSalario
650 _aDespesa
490 _aBiblioteca Pioneira de Ciencias Sociais. Serie Estudos Agricolas (Brazil)
942 _cAMS
_2AGRIS
909 _a202506
_bLúcia
_c55
_dLúcia Elande
999 _c332878
_d332878